Normal view
MARC view
- RADAR SYNTHETIC APERTURE RADAR
Entry Topical Term
001 - CONTROL NUMBER
- control field: 76838
003 - CONTROL NUMBER IDENTIFIER
- control field: NUST
005 - DATE AND TIME OF LATEST TRANSACTION
- control field: 20210628205726.0
008 - FIXED-LENGTH DATA ELEMENTS
- fixed length control field: 210628|| aca||aabn | a|a d
040 ## - CATALOGING SOURCE
- Original cataloging agency: NUST
- Transcribing agency: NUST
150 ## - HEADING--TOPICAL TERM
- Topical term or geographic name entry element: RADAR SYNTHETIC APERTURE RADAR
670 ## - SOURCE DATA FOUND
- Source citation: Work cat.: (NUST): Wehner, Donald.R 76837, High-resolution radar, 1995
